[Event "78th UKR-ch"]
[Site "Alushta UKR"]
[Date "2009.05.18"]
[Round "8"]
[White "Mamonova, Yulia"]
[WhiteElo "2009"]
[Black "Berezka, Alexandr"]
[BlackElo "2150"]
[Result "1-0"]
[EventDate "2009.05.10"]
[PlyCount "95"]

1. e4 e5 2. Nf3 d6 3. d4 Nd7 4. Nc3 Ngf6 5. Bc4 h6 6. O-O Be7 7. a4 O-O 8. a5
c6 9. Bb3 Qc7 10. Qe2 Nh7 11. Be3 Ndf6 12. h3 Re8 13. Qc4 Bf8 14. d5 c5 15. Nd2
Nh5 16. Ba4 Rd8 17. b4 b6 18. Bc6 Rb8 19. axb6 axb6 20. Nb5 Qe7 21. Ra7 Qh4 22.
Qe2 Nf4 23. Bxf4 Qxf4 24. Qe3 Qh4 25. f4 f6 26. f5 Ng5 27. Kh2 Qh5 28. g4 Qh4
29. Qg3 Qxg3+ 30. Kxg3 Nf7 31. Rfa1 Nh8 32. Rc7 g6 33. Raa7 h5 34. Nc4 cxb4 35.
Kg2 hxg4 36. hxg4 gxf5 37. gxf5 Bh6 38. Ncxd6 Rf8 39. Kf3 Rd8 40. Ne8 Rxe8 41.
Bxe8 Bxf5 42. exf5 Rxe8 43. d6 Rf8 44. d7 Nf7 45. Rc8 Nd8 46. Raa8 Nf7 47. d8=Q
Nxd8 48. Rxd8 1-0

[Event "78th UKR-ch"]
[Site "Alushta UKR"]
[Date "2009.05.18"]
[Round "8"]
[White "Tikhonov, Gennady"]
[WhiteElo "1984"]
[Black "Havrysh, Leonid"]
[BlackElo "2155"]
[Result "0-1"]
[EventDate "2009.05.10"]
[PlyCount "84"]

1. d4 Nf6 2. g3 c5 3. c3 g6 4. Bg2 Bg7 5. Nf3 O-O 6. O-O d5 7. Nbd2 cxd4 8.
cxd4 Nc6 9. Re1 Qb6 10. Nb3 Ne4 11. e3 a5 12. Qe2 Bd7 13. Nfd2 f5 14. f3 Nd6
15. Kh1 Nb4 16. Nc5 Bb5 17. Qd1 e5 18. a4 exd4 19. exd4 Bxd4 20. axb5 Bxc5 21.
Nb3 Rfe8 22. Rxe8+ Rxe8 23. Nxc5 Qxc5 24. Bf4 Nc4 25. b3 Nb2 26. Qd2 N2d3 27.
h4 Nxf4 28. Qxf4 Nd3 29. Qg5 Qd4 30. Rg1 f4 31. Bf1 Ne1 32. Bg2 fxg3 33. Qxg3
Nd3 34. Bh3 Nf4 35. Bf1 b6 36. Qg5 Qe3 37. Qg4 Kg7 38. Qd7+ Re7 39. Qg4 d4 40.
Bc4 d3 41. h5 Re5 42. h6+ Kxh6 0-1

[Event "78th UKR-ch"]
[Site "Alushta UKR"]
[Date "2009.05.18"]
[Round "8"]
[White "Kalinina, Olga"]
[WhiteElo "2159"]
[Black "Kuchin, Pavel"]
[BlackElo "2001"]
[Result "1-0"]
[EventDate "2009.05.10"]
[PlyCount "81"]

1. e4 c5 2. Nf3 d6 3. d4 cxd4 4. Nxd4 Nf6 5. Nc3 Nbd7 6. Bc4 Qc7 7. Bb3 a6 8.
Be3 Nc5 9. f3 Nxb3 10. axb3 e5 11. Nde2 Be6 12. Qd2 Be7 13. O-O-O b5 14. Kb1
O-O 15. g4 b4 16. Na4 Rab8 17. g5 Nd7 18. Ng3 Rb5 19. Nf5 Bxf5 20. exf5 d5 21.
f6 Bd6 22. h4 Rc8 23. h5 d4 24. Bf2 Nc5 25. g6 Nxa4 26. bxa4 b3 27. gxh7+ Kxh7
28. Qd3+ e4 29. Qxe4+ Kg8 30. cxb3 Rxb3 31. Bxd4 Bf4 32. Rdg1 Bh6 33. Rxg7+
Bxg7 34. Rg1 Rxf3 35. Rxg7+ Kf8 36. Qxf3 Qc2+ 37. Ka1 Qc1+ 38. Ka2 Qc4+ 39. b3
Qxd4 40. Qg2 Ke8 41. Rg8+ 1-0

[Event "78th UKR-ch"]
[Site "Alushta UKR"]
[Date "2009.05.18"]
[Round "8"]
[White "Podolsky, Anton"]
[WhiteElo "2083"]
[Black "Arkhipov, Vladimir"]
[BlackElo "2183"]
[Result "1-0"]
[EventDate "2009.05.10"]
[PlyCount "135"]

1. e4 e6 2. d4 d5 3. Nc3 Bb4 4. e5 Qd7 5. a3 Bf8 6. Bb5 Nc6 7. Nf3 b6 8. O-O
Bb7 9. b4 Nge7 10. Ne2 O-O-O 11. c3 Ng6 12. Re1 f6 13. Nf4 Nxf4 14. Bxf4 f5 15.
a4 a6 16. Bd3 Nb8 17. Qb3 h6 18. Bc1 g5 19. Nd2 h5 20. Nf1 Bh6 21. b5 a5 22.
Ng3 Qf7 23. Qc2 f4 24. Bg6 Qg8 25. Nxh5 Bg7 26. Nf6 Bxf6 27. exf6 Rh6 28. Bd3
Rxf6 29. Ba3 Re8 30. f3 g4 31. fxg4 Qxg4 32. Qf2 Nd7 33. Ra2 f3 34. Qg3 Qh5 35.
Rf2 e5 36. Rxf3 Rxf3 37. Qxf3 Qh4 38. g3 Qg5 39. Qf7 Qd8 40. Bg6 Rh8 41. Be7
Qg8 42. dxe5 d4 43. e6 Qxf7 44. exd7+ Kxd7 45. Bxf7 dxc3 46. Bf6 Rf8 47. Rd1+
Kc8 48. Be6+ Kb8 49. Bxc3 Rf3 50. Rc1 Re3 51. Bh3 Re2 52. Bf1 Ra2 53. Be5 Rxa4
54. Rxc7 Ka8 55. h4 Bf3 56. h5 Re4 57. Bf4 Re8 58. Kf2 Be4 59. Bg2 Bxg2 60.
Kxg2 a4 61. Rc4 Re2+ 62. Kf3 Rb2 63. Rxa4+ Kb7 64. Rc4 Rxb5 65. Rc7+ Ka6 66. h6
Rh5 67. Kg4 Rh1 68. h7 1-0

[Event "78th UKR-ch"]
[Site "Alushta UKR"]
[Date "2009.05.18"]
[Round "8"]
[White "Borzov, Dmytro"]
[WhiteElo "2209"]
[Black "Pylyposian, Mikael"]
[BlackElo "1988"]
[Result "1-0"]
[EventDate "2009.05.10"]
[PlyCount "105"]

1. d4 d5 2. c4 c6 3. Nf3 Nf6 4. Nc3 dxc4 5. a4 Bf5 6. Ne5 Nbd7 7. Nxc4 Qc7 8.
g3 e5 9. dxe5 Nxe5 10. Bf4 Nfd7 11. Bg2 f6 12. O-O Nc5 13. Bxe5 fxe5 14. e4 Bg6
15. Qg4 Be7 16. Rad1 a5 17. f4 O-O 18. Nxe5 Be8 19. Kh1 Bf6 20. Nd3 Bd7 21. Qe2
Nxd3 22. Qxd3 Rfd8 23. Qc4+ Kh8 24. e5 Be7 25. Nd5 Be6 26. Nxc7 Bxc4 27. Nxa8
Rxa8 28. Rf2 Kg8 29. Rd7 Bc5 30. Rc2 Be6 31. Rxb7 Rd8 32. Bf3 Be3 33. Kg2 c5
34. Re2 Bd2 35. Rb6 Bc4 36. Rd6 Rxd6 37. exd6 Bxe2 38. d7 Bxf3+ 39. Kxf3 Bc1
40. d8=Q+ Kf7 41. Qd5+ Ke8 42. b3 Ba3 43. Qg8+ Kd7 44. Qxg7+ Kd6 45. Ke4 c4 46.
Qf8+ Kc6 47. Qxa3 cxb3 48. Qxb3 h5 49. Qb5+ Kc7 50. Kd5 h4 51. Qc6+ Kb8 52. Qd7
hxg3 53. Kc6 1-0

[Event "78th UKR-ch"]
[Site "Alushta UKR"]
[Date "2009.05.18"]
[Round "8"]
[White "Zaichuk, Vitalii"]
[WhiteElo "2038"]
[Black "Savvopulo, Anatoly"]
[BlackElo "2074"]
[Result "1-0"]
[EventDate "2009.05.10"]
[PlyCount "77"]

1. e4 c5 2. Nf3 e6 3. d4 cxd4 4. Nxd4 Nf6 5. Bd3 Nc6 6. Be3 e5 7. Nb3 d5 8.
N1d2 Be7 9. O-O O-O 10. Bg5 dxe4 11. Nxe4 Nxe4 12. Bxe7 Nxe7 13. Bxe4 f5 14.
Bd3 Qc7 15. f3 Be6 16. Qe2 Rae8 17. Rfe1 Ng6 18. g3 Bd5 19. Nd2 Qb6+ 20. Qf2
Qxb2 21. Qxa7 b6 22. Qa4 Qc3 23. Rad1 Ra8 24. Qd7 Qd4+ 25. Kf1 Rad8 26. Qb5 e4
27. Bc4 Ne5 28. Bxd5+ Rxd5 29. Qb3 Rfd8 30. fxe4 fxe4 31. Nxe4 Qc4+ 32. Qxc4
Nxc4 33. Ke2 Rd4 34. Rxd4 Rxd4 35. Kf3 Kf7 36. Ng5+ Kg6 37. h4 h6 38. Ne6 Rd7
39. Nf8+ 1-0

[Event "78th UKR-ch"]
[Site "Alushta UKR"]
[Date "2009.05.19"]
[Round "9"]
[White "Yakymov, Volodymyr"]
[WhiteElo "2453"]
[Black "Tukhaev, Adam"]
[BlackElo "2517"]
[Result "1-0"]
[EventDate "2009.05.10"]
[PlyCount "79"]

1. e4 c5 2. Nc3 e6 3. g3 d5 4. d3 Nf6 5. Bg2 dxe4 6. dxe4 Qxd1+ 7. Nxd1 Nc6 8.
Ne3 $11 8... Bd7 9. e5 Nxe5 10. Bxb7 Rd8 11. Bg2 Bc6 12. Bxc6+ Nxc6 13. Kf1 Nd5
14. Nf3 g6 15. Nxd5 Rxd5 16. Be3 c4 17. Nd2 c3 18. bxc3 Bg7 19. Rb1 O-O 20. Kg2
Bxc3 21. Ne4 Bg7 22. Rb7 Re5 23. Nc5 Rd8 24. Rhb1 Na5 25. Rc7 Red5 26. Ne4 f5
27. Ng5 Re8 28. Nxe6 Be5 29. Nf4 Bxc7 30. Nxd5 Be5 31. Bxa7 Ra8 32. Bc5 Kf7 33.
f4 Bg7 34. Rb5 Nc4 35. Rb7+ Kg8 36. Ne7+ Kh8 37. Rc7 Nd2 38. Rc8+ Rxc8 39. Nxc8
Ne4 40. Bb4 1-0

[Event "78th UKR-ch"]
[Site "Alushta UKR"]
[Date "2009.05.19"]
[Round "9"]
[White "Kovalev, Denis"]
[WhiteElo "2447"]
[Black "Kovalenko, Igor"]
[BlackElo "2449"]
[Result "1/2-1/2"]
[EventDate "2009.05.10"]
[PlyCount "156"]

1. Nf3 g6 2. c4 Bg7 3. g3 Nf6 4. Bg2 O-O 5. O-O c6 6. Nc3 d5 7. cxd5 cxd5 8. d4
Ne4 9. Nxe4 dxe4 10. Ng5 $11 10... Bxd4 11. Nxe4 Bg7 12. Bg5 Nc6 13. Qxd8 Rxd8
14. Nc5 h6 15. Be3 Nd4 16. Bxd4 Bxd4 17. Rfd1 Rd6 18. Ne4 Rd7 19. Rac1 Kg7 20.
Rd3 f5 21. Rcd1 e5 22. e3 fxe4 23. Bxe4 Re7 24. exd4 exd4 25. Rxd4 Be6 26. a3
Rf8 27. f3 Bf5 28. Bxf5 Rxf5 29. Rd7 Kf7 30. Kf2 Rc5 31. R1d2 Ke8 32. Rxe7+
Kxe7 33. f4 a5 34. Ke3 Rb5 35. g4 Ke6 36. Ke4 Rb3 37. h4 a4 38. g5 Rh3 39. gxh6
Rxh4 40. Rd5 Rxh6 41. Rb5 Rh2 42. Rb6+ Kf7 43. Rxb7+ Kf6 44. Rb6+ Kg7 45. Kd3
Rf2 46. Rb4 Kf6 47. Kc3 Rf3+ 48. Kc2 Rf2+ 49. Kb1 Rf1+ 50. Ka2 Kf5 51. Rxa4
Rxf4 52. Ra8 g5 53. Rg8 g4 54. Kb3 Ke6 55. a4 Kf7 56. Rd8 g3 57. Rd1 g2 58. Rg1
Rg4 59. a5 Ke6 60. a6 Rg7 61. a7 Rxa7 62. Rxg2 Kd6 63. Kb4 Ra8 64. Rc2 Rb8+ 65.
Ka5 Ra8+ 66. Kb6 Rb8+ 67. Ka6 Kd5 68. Ka5 Ra8+ 69. Kb5 Rb8+ 70. Ka4 Ra8+ 71.
Kb3 Rb8+ 72. Ka2 Ra8+ 73. Kb1 Rb8 74. Rc3 Kd6 75. Kc2 Rb6 76. Rc4 Kd5 77. Kc3
Rxb2 78. Kxb2 Kxc4 1/2-1/2

[Event "78th UKR-ch"]
[Site "Alushta UKR"]
[Date "2009.05.19"]
[Round "9"]
[White "Poluektov, Yury"]
[WhiteElo "2390"]
[Black "Strelnikov, Sergei"]
[BlackElo "2393"]
[Result "1/2-1/2"]
[EventDate "2009.05.10"]
[PlyCount "92"]

1. d4 g6 2. c4 Bg7 3. Nc3 c5 4. d5 Bxc3+ 5. bxc3 f5 6. Nf3 Qa5 7. Qb3 Nf6 8. g3
d6 9. Bg2 Nbd7 10. O-O Nb6 11. Nd2 Qa4 12. Re1 Bd7 13. e4 fxe4 14. Nxe4 Nxe4
15. Qxa4 Bxa4 16. Bxe4 Nxc4 17. Bg5 Nb6 18. Bg2 Nc8 19. Re4 Bc2 20. Re2 Bf5 21.
Bxe7 Nxe7 22. Rae1 O-O-O 23. Rxe7 Rd7 24. R7e3 b5 25. h3 c4 26. a4 bxa4 27. Be4
Kc7 28. g4 Bxe4 29. Rxe4 Kb6 30. Rxc4 Kb5 31. Rc6 Rf8 32. Rb1+ Ka5 33. Rc4 Rdf7
34. Ra1 Kb5 35. Rcxa4 Kc5 36. Ra5+ Kc4 37. R1a2 Ra8 38. Kg2 Kxc3 39. Ra6 Kd4
40. Rd2+ Ke5 41. Re2+ Kxd5 42. Rd2+ Kc5 43. Rdxd6 Kb5 44. Kg3 Rb8 45. Ra2 Kc5
46. Rda6 Rb3+ 1/2-1/2

[Event "78th UKR-ch"]
[Site "Alushta UKR"]
[Date "2009.05.19"]
[Round "9"]
[White "Bernadskyi, Vitalii"]
[WhiteElo "2327"]
[Black "Matiushin, Gennady"]
[BlackElo "2500"]
[Result "0-1"]
[EventDate "2009.05.10"]
[PlyCount "100"]

1. e4 c5 2. Nf3 Nc6 3. Bb5 Nd4 4. Nxd4 cxd4 5. O-O g6 6. d3 Bg7 7. f4 Nf6 8.
Qf3 O-O 9. Bc4 d5 10. Bxd5 Nxd5 11. exd5 Qd7 12. Re1 Re8 13. c4 dxc3 14. Nxc3
b6 15. Bd2 Bb7 16. Re2 e6 17. Rae1 Red8 18. f5 gxf5 19. Qg3 Kh8 20. dxe6 fxe6
21. Rxe6 Rg8 22. Bg5 Bd4+ 23. Kh1 Rxg5 24. Qxg5 Rg8 25. Qd2 Bxg2+ 26. Qxg2 Rxg2
27. Kxg2 Qb7+ 28. Ne4 fxe4 29. R1xe4 Qd5 30. b3 Bc5 31. R6e5 Qxd3 32. Re2 Bd6
33. R5e4 Qd5 34. Kg1 Qg5+ 35. Kf1 Qc1+ 36. Re1 Qc2 37. R1e2 Qc7 38. Kg2 a5 39.
Rg4 Qc6+ 40. Rge4 Qd5 41. Kg1 Bc5+ 42. Kg2 Qf5 43. Kg3 Qh5 44. Kg2 Bd6 45. h3
Qd5 46. Kg1 Qd3 47. Kg2 Qg3+ 48. Kf1 Qf3+ 49. Ke1 Bb4+ 50. Kd1 Qd3+ 0-1

[Event "78th UKR-ch"]
[Site "Alushta UKR"]
[Date "2009.05.19"]
[Round "9"]
[White "Shagbazian, Taron"]
[WhiteElo "2216"]
[Black "Pavlov, Maxim"]
[BlackElo "2353"]
[Result "0-1"]
[EventDate "2009.05.10"]
[PlyCount "98"]

1. e4 c5 2. Nf3 d6 3. d4 cxd4 4. Nxd4 Nf6 5. Nc3 a6 6. a4 Nc6 7. Nb3 b6 8. Be2
Bb7 9. O-O e6 10. Be3 Be7 11. f3 O-O 12. Qe1 Qc7 13. Qf2 Nd7 14. Rfd1 Rfe8 15.
Rd2 Nc5 16. Rad1 Rac8 17. Kh1 Bf8 18. Bf4 Ne5 19. Nxc5 Qxc5 20. Qxc5 Rxc5 21.
Be3 $11 21... Rc6 22. Kg1 h6 23. Kf2 Rec8 24. Bf1 Be7 25. Be2 g5 26. g3 Nc4 27.
Bxc4 Rxc4 28. e5 d5 29. Bxb6 Rb4 30. Bd4 Bc5 31. Bxc5 Rxc5 32. Ne2 Rxb2 33. c3
Rb3 34. Rd4 a5 35. h4 Ba6 36. Ng1 Rcxc3 37. R1d2 gxh4 38. Rxh4 Rc4 39. Rxh6
Rxa4 40. Nh3 Bd3 41. Ng5 Kg7 42. Rh1 Rc4 43. Ra1 a4 44. Rda2 Rbb4 45. Nh3 Bb1
46. Rd2 Rb3 47. Ng1 d4 48. f4 Be4 49. Rda2 Bc6 0-1

[Event "78th UKR-ch"]
[Site "Alushta UKR"]
[Date "2009.05.19"]
[Round "9"]
[White "Budnikov, Oleg"]
[WhiteElo "2408"]
[Black "Golovany, Andrei"]
[BlackElo "2280"]
[Result "1-0"]
[EventDate "2009.05.10"]
[PlyCount "69"]

1. e4 c5 2. Nf3 d6 3. d4 cxd4 4. Nxd4 Nf6 5. Nc3 Nc6 6. f3 a6 7. Be3 e6 8. Qd2
Qc7 9. O-O-O Bd7 10. g4 h6 11. h4 Ne5 12. Rg1 b5 13. g5 Nh5 14. f4 Nc4 15. Bxc4
Qxc4 16. b3 Qc7 17. f5 b4 18. fxe6 fxe6 19. Nce2 hxg5 20. hxg5 a5 21. Rh1 e5
22. Nf5 a4 23. Kb1 axb3 24. cxb3 Bc6 25. Rh4 Nf4 26. Rxh8 Bxe4+ 27. Ka1 Bxf5
28. Bxf4 exf4 29. Nd4 Qc5 30. Re1+ Kf7 31. g6+ Kxg6 32. Nxf5 Kxf5 33. Kb1 Rc8
34. Qe2 Kf6 35. Rxf8+ 1-0

[Event "78th UKR-ch"]
[Site "Alushta UKR"]
[Date "2009.05.19"]
[Round "9"]
[White "Dmitrenko, Viktor"]
[WhiteElo "2338"]
[Black "Khazankin, Moisei"]
[BlackElo "2134"]
[Result "1-0"]
[EventDate "2009.05.10"]
[PlyCount "99"]

1. e4 c5 2. Nc3 Nc6 3. g3 g6 4. Bg2 Bg7 5. d3 e5 6. Be3 d6 7. Qd2 h6 8. Nge2
Nge7 9. O-O Nd4 10. Nc1 b5 11. Bxd4 exd4 12. Nxb5 Rb8 13. Na3 O-O 14. Nc4 f5
15. b3 d5 16. exd5 Nxd5 17. Qa5 f4 18. Qxd8 Rxd8 19. Ne2 fxg3 20. hxg3 Nb4 21.
a3 Nd5 22. Rae1 g5 23. Nc1 Bf5 24. Kh2 Bf6 25. Be4 Bg4 26. f3 Be6 27. Bg6 Bc8
28. Ne5 Bb7 29. Ng4 Kg7 30. Be4 h5 31. Bxd5 Bxd5 32. Nxf6 Kxf6 33. f4 Re8 34.
fxg5+ Kxg5 35. Ne2 Re3 36. Nf4 Bg8 37. Rxe3 dxe3 38. Re1 Re8 39. Ng2 e2 40. Nf4
h4 41. Rxe2 Rf8 42. Nh3+ Kg4 43. Re4+ Kf3 44. Ng5+ Kf2 45. gxh4 Bd5 46. Re5 Bg2
47. Rxc5 Bf1 48. Re5 Bg2 49. Ne4+ Kf3 50. Ng3 1-0

[Event "78th UKR-ch"]
[Site "Alushta UKR"]
[Date "2009.05.19"]
[Round "9"]
[White "Nyzhnyk, Illya"]
[WhiteElo "2499"]
[Black "Kovtun, Sergei"]
[BlackElo "2288"]
[Result "1-0"]
[EventDate "2009.05.10"]
[PlyCount "97"]

1. d4 d5 2. c4 c6 3. Nf3 Nf6 4. Qc2 dxc4 5. Qxc4 Bf5 6. Nbd2 e6 7. g3 a5 8. Bg2
h6 9. O-O b5 10. Qb3 a4 11. Qd1 Ra6 12. Re1 Be7 13. Nf1 O-O 14. Bf4 Ne4 15.
N3d2 Nxf2 16. Kxf2 Qxd4+ 17. Ne3 g5 18. Bxb8 Bc5 19. Ndf1 Rxb8 20. Rc1 Bg6 21.
Kg1 Qe5 22. Qd2 Bd4 23. b4 axb3 24. axb3 c5 25. Kh1 Be4 26. Bxe4 Qxe4+ 27. Ng2
Ra3 28. e3 Bf6 29. Qf2 Be7 30. Red1 Qc6 31. Nd2 Rd8 32. Nf3 Rd5 33. Rf1 f6 34.
e4 Rd8 35. Ne5 Qxe4 36. Rce1 Qd4 37. Qc2 Bf8 38. Nc6 Qd3 39. Qb2 Rda8 40. Qxf6
Bg7 41. Qxe6+ Kh8 42. Ne5 Qxb3 43. Nf7+ Kh7 44. Qf5+ Kg8 45. Qg6 Qc3 46. Nxh6+
Kh8 47. Nf7+ Kg8 48. Nxg5 Qd3 49. Re8+ 1-0

[Event "78th UKR-ch"]
[Site "Alushta UKR"]
[Date "2009.05.19"]
[Round "9"]
[White "Dolzhykova, Kateryna"]
[WhiteElo "2291"]
[Black "Truskavetsky, Alexandr"]
[BlackElo "2391"]
[Result "0-1"]
[EventDate "2009.05.10"]
[PlyCount "56"]

1. b4 Nf6 2. Bb2 g6 3. Nf3 Bg7 4. e3 O-O 5. Be2 d6 6. c4 c5 7. a3 e5 8. d4 cxd4
9. exd4 e4 10. Nfd2 Nc6 11. d5 Ne7 12. O-O Nf5 13. Qb3 Re8 14. Nc3 Bh6 15. Bc1
e3 16. Nf3 Ng4 17. fxe3 Nfxe3 18. Re1 Bf5 19. Ra2 a6 20. h3 Ne5 21. Nd1 Nxg2
22. Bxh6 Nxe1 23. Nxe1 Qh4 24. Bd2 Nd3 25. Bxd3 Qg3+ 26. Ng2 Re2 27. Nde3 Bxd3
28. Qxd3 Rxg2+ 0-1

[Event "78th UKR-ch"]
[Site "Alushta UKR"]
[Date "2009.05.19"]
[Round "9"]
[White "Kharchenko, Boris"]
[WhiteElo "2474"]
[Black "Veremiy, Bogdan"]
[BlackElo "2239"]
[Result "1/2-1/2"]
[EventDate "2009.05.10"]
[PlyCount "119"]

1. e4 c5 2. c3 d5 3. exd5 Qxd5 4. d4 Nc6 5. Nf3 Bg4 6. dxc5 Qxd1+ 7. Kxd1 e5 8.
b4 a5 9. b5 Nd8 10. Be3 f5 11. c6 f4 12. Bb6 e4 13. Bc4 exf3 14. Re1+ Ne7 15.
c7 fxg2+ 16. f3 Bxf3+ 17. Kc2 Nf7 18. Be6 Ng5 19. Bc4 Kd7 20. Nd2 Nc8 21. Bg1
Bg4 22. b6 Nd6 23. Bd5 f3 24. h4 Be6 25. Bxf3 Nxf3 26. Nxf3 Bf5+ 27. Kb2 Nc4+
28. Kb3 Nxb6 29. Rad1+ Bd6 30. Bxb6 Kc6 31. Bg1 Kxc7 32. Nd4 Bd7 33. Ne6+ Bxe6+
34. Rxe6 Rhd8 35. Rd2 a4+ 36. Kc2 g6 37. h5 gxh5 38. Rh6 Ra5 39. Rxg2 Rf5 40.
Rxh7+ Rd7 41. Rh6 b5 42. Bh2 Bxh2 43. Rxh2 Rdd5 44. Kb2 Rc5 45. Rg2 Kb7 46.
Rg7+ Rc7 47. Rxc7+ Kxc7 48. Ka3 Kd7 49. Kb4 Ke7 50. c4 bxc4 51. Rc6 Rf4 52.
Kxa4 h4 53. Kb4 Kf7 54. Rh6 Kg7 55. Rh5 Kg6 56. Rh8 Kg5 57. a4 c3+ 58. Kxc3
Rxa4 59. Kd3 h3 60. Ke3 $11 1/2-1/2

[Event "78th UKR-ch"]
[Site "Alushta UKR"]
[Date "2009.05.19"]
[Round "9"]
[White "Matsegora, Taras"]
[WhiteElo "2196"]
[Black "Nosenko, Olexandr"]
[BlackElo "2498"]
[Result "0-1"]
[EventDate "2009.05.10"]
[PlyCount "100"]

1. d4 f5 2. c4 Nf6 3. Nf3 g6 4. g3 Bg7 5. Bg2 O-O 6. Nc3 d6 7. O-O Qe8 8. b3 h6
9. Bb2 g5 10. d5 a5 11. e3 Na6 12. Qc2 Qh5 13. Rfe1 Rf7 14. a3 Bd7 15. Nd4 Rff8
16. Re2 Nc5 17. Ncb5 Rac8 18. b4 Na6 19. Qb3 Kh8 20. Rc2 f4 21. exf4 gxf4 22.
Ne6 Bxe6 23. dxe6 c6 24. Nd4 fxg3 25. fxg3 Qg6 26. Re1 axb4 27. axb4 Rb8 28.
Rf2 Ng4 29. Rxf8+ Rxf8 30. h3 Ne5 31. g4 Qd3 32. Re3 Qb1+ 33. Kh2 Nxc4 34. Qxc4
Qxb2 35. Nf5 Nxb4 36. h4 Nd5 37. Re1 Ra8 38. Re2 Be5+ 39. Kg1 Qb6+ 40. Kf1 Nf4
41. Rc2 Ra1+ 42. Rc1 Qb2 43. Rxa1 Qxg2+ 44. Ke1 Qg1+ 45. Kd2 Qxa1 46. Nxh6 Qb2+
47. Kd1 d5 48. Qc2 Qxc2+ 49. Kxc2 Kg7 50. Nf7 Bc7 0-1

[Event "78th UKR-ch"]
[Site "Alushta UKR"]
[Date "2009.05.19"]
[Round "9"]
[White "Shtanko, Dmitry"]
[WhiteElo "2311"]
[Black "Stolpovskyi, Serhii"]
[BlackElo "2151"]
[Result "0-1"]
[EventDate "2009.05.10"]
[PlyCount "110"]

1. e4 e5 2. Nf3 Nc6 3. Bc4 Nf6 4. d3 Bc5 5. c3 O-O 6. O-O d6 7. Nbd2 Be6 8. Bb5
Bd7 9. Re1 Ne7 10. Bc4 Ng6 11. Nf1 Be6 12. Bb3 c6 13. d4 exd4 14. cxd4 Bb4 15.
Bd2 Bxb3 16. Qxb3 Bxd2 17. N1xd2 Qb6 18. Qa3 Rfd8 19. Rac1 Rd7 20. Rc2 Re8 21.
Nc4 Qd8 22. e5 dxe5 23. dxe5 Rde7 24. Rce2 Nf4 25. Rd2 N6d5 26. Nd6 Rf8 27.
Qxa7 Qd7 28. h3 f6 29. Qa3 Nxg2 30. Kxg2 Nf4+ 31. Kg3 Qxh3+ 32. Kxf4 fxe5+ 33.
Ke4 Qg4+ 34. Kd3 Rxf3+ 35. Re3 Rf4 36. Kc2 Qg6+ 37. Qd3 e4 38. Qc4+ Kh8 39.
Nxb7 Re8 40. Rg3 e3+ 41. Qd3 Qxd3+ 42. Rxd3 exf2 43. Rge3 Ref8 44. Rd1 f1=Q 45.
Rxf1 Rxf1 46. a4 R1f7 47. Nc5 h5 48. b4 h4 49. Ne6 Re8 50. Re4 Kg8 51. Kd3 Rd7+
52. Rd4 Rxd4+ 53. Nxd4 Rd8 54. Ke3 Rxd4 55. Kxd4 h3 0-1

[Event "78th UKR-ch"]
[Site "Alushta UKR"]
[Date "2009.05.19"]
[Round "9"]
[White "Kurayan, Ruslan"]
[WhiteElo "2242"]
[Black "Kravchenko, Leonid"]
[BlackElo "2180"]
[Result "1-0"]
[EventDate "2009.05.10"]
[PlyCount "207"]

1. c4 Nf6 2. g3 c6 3. Bg2 d5 4. Nf3 Bf5 5. O-O e6 6. cxd5 cxd5 7. Qb3 Qb6 8.
Nd4 Be4 9. Qa4+ Nc6 10. Nxc6 Qxc6 11. Qxc6+ bxc6 12. Bxe4 Nxe4 13. d3 Nf6 14.
b3 Bd6 15. Bb2 Kd7 16. Nc3 Rhc8 17. Na4 e5 18. Rac1 Rc7 19. Nc5+ Bxc5 20. Rxc5
Ke6 21. f4 Nd7 22. Bxe5 Nxe5 23. fxe5 Kxe5 24. Rfc1 Kd6 25. b4 Rb8 26. a3 a6
27. Kf2 Rb5 28. Ke3 Re7+ 29. Kf3 Rxc5 30. Rxc5 h5 31. Ra5 Ra7 32. e4 dxe4+ 33.
Kxe4 g6 34. Kd4 f6 35. Kc4 Ra8 36. d4 Ra7 37. a4 Ra8 38. d5 cxd5+ 39. Kd4 g5
40. h4 gxh4 41. gxh4 f5 42. Rxd5+ Ke6 43. Re5+ Kf6 44. Rc5 Rd8+ 45. Rd5 Rb8 46.
b5 axb5 47. axb5 Ke6 48. Re5+ Kf6 49. Rc5 Rd8+ 50. Rd5 Rb8 51. Kc5 Ke6 52. Rd6+
Ke5 53. Rh6 f4 54. Rxh5+ Ke4 55. Rh7 Rf8 56. Re7+ Kf3 57. Re1 Kg4 58. Rh1 Kg3
59. b6 Kg2 60. Rb1 f3 61. b7 f2 62. Kc6 Re8 63. Kd7 Re1 64. b8=Q f1=Q 65. Qb7+
Kg1 66. Qb6+ Kh1 67. Qc6+ Kg1 68. Qc5+ Kh1 69. Qd5+ Kg1 70. Qd4+ Kh1 71. Rxe1
Qxe1 72. h5 Qb1 73. Qh4+ Kg2 74. Qg4+ Kf2 75. Qg6 Qb7+ 76. Ke6 Ke3 77. Qg5+ Kd4
78. h6 Qe4+ 79. Kf7 Qb7+ 80. Kf8 Qa8+ 81. Kg7 Kd3 82. Qg6+ Kd2 83. h7 Qa1+ 84.
Kh6 Qh1+ 85. Kg7 Qb7+ 86. Qf7 Qg2+ 87. Kh6 Qh1+ 88. Qh5 Qc6+ 89. Qg6 Qh1+ 90.
Kg5 Qg2+ 91. Kf5 Qd5+ 92. Kf4 Qd4+ 93. Kf3 Qd5+ 94. Kf2 Qd4+ 95. Kg2 Qd5+ 96.
Kh2 Qe5+ 97. Kh1 Qa1+ 98. Qg1 Qf6 99. Qh2+ Ke1 100. h8=Q Qf3+ 101. Qg2 Qh5+
102. Qh3 Qd5+ 103. Kh2 Qd2+ 104. Qg2 1-0

[Event "78th UKR-ch"]
[Site "Alushta UKR"]
[Date "2009.05.19"]
[Round "9"]
[White "Bogdanovich, Stanislav"]
[WhiteElo "2414"]
[Black "Matiushyn, Oleh"]
[BlackElo "2222"]
[Result "1-0"]
[EventDate "2009.05.10"]
[PlyCount "103"]

1. d4 d5 2. c4 dxc4 3. Nf3 Nf6 4. e3 e6 5. Bxc4 a6 6. O-O c5 7. dxc5 Qxd1 8.
Rxd1 Bxc5 9. a3 O-O 10. b4 Be7 11. Nbd2 b5 12. Be2 Bb7 13. Bb2 Nbd7 14. Nb3 Bd5
15. Na5 Nb6 16. Bd4 Na4 17. Rac1 Rac8 18. Ne5 Bd6 19. Nec6 Rfe8 20. Bxf6 gxf6
21. e4 Bxc6 22. Nxc6 Bf8 23. Rd7 Nb6 24. Ra7 Ra8 25. Rb7 Nc8 26. Rd7 Nb6 27.
Rb7 Nc8 28. Rd1 Nd6 29. Rd7 Nxe4 30. Bh5 Rec8 31. Bxf7+ Kh8 32. Na5 Nc3 33.
R1d3 Ne2+ 34. Kf1 Nf4 35. Rd1 Bh6 36. g3 Ng6 37. Bxe6 Rc1 38. f4 Rxd1+ 39. Rxd1
Re8 40. Rd6 Nf8 41. Bf5 Re3 42. Rxa6 Rxa3 43. Rb6 Ra2 44. Rxb5 Rxh2 45. Nc6 Rb2
46. Rb8 Rb3 47. Kg2 Rb2+ 48. Kf3 Rb3+ 49. Kg4 Bg7 50. b5 h5+ 51. Kxh5 Rxg3 52.
b6 1-0

[Event "78th UKR-ch"]
[Site "Alushta UKR"]
[Date "2009.05.19"]
[Round "9"]
[White "Cherednichenko, Svetlana"]
[WhiteElo "2361"]
[Black "Kariaka, Anatolii"]
[BlackElo "2126"]
[Result "1-0"]
[EventDate "2009.05.10"]
[PlyCount "53"]

1. d4 Nf6 2. c4 e6 3. Nf3 b6 4. Nc3 Bb4 5. Bg5 Bb7 6. e3 h6 7. Bh4 g5 8. Bg3
Ne4 9. Qc2 f5 10. Bd3 Bxc3+ 11. bxc3 d6 12. d5 exd5 13. cxd5 Bxd5 14. Nd4 Qf6
15. f3 Nxg3 16. hxg3 Nd7 17. Nb5 Kd8 18. Bxf5 a6 19. Nd4 Ne5 20. e4 Bf7 21.
O-O-O Nc4 22. e5 Nxe5 23. f4 gxf4 24. gxf4 Nd7 25. Rhe1 Re8 26. Rxe8+ Bxe8 27.
Qe4 1-0

[Event "78th UKR-ch"]
[Site "Alushta UKR"]
[Date "2009.05.19"]
[Round "9"]
[White "Melnichuk, Mikhail"]
[WhiteElo "2276"]
[Black "Mamonova, Yulia"]
[BlackElo "2009"]
[Result "1-0"]
[EventDate "2009.05.10"]
[PlyCount "49"]

1. d4 g6 2. c4 Bg7 3. Nc3 c5 4. d5 Bxc3+ 5. bxc3 f5 6. Qc2 Nf6 7. Bh6 Rg8 8.
Nf3 d6 9. e3 Qa5 10. Rc1 Nbd7 11. Bd3 Nb6 12. Bg5 Bd7 13. O-O Qa6 14. Nd2 Ba4
15. Qb1 O-O-O 16. f3 Rde8 17. Rfe1 Nfd7 18. e4 Kc7 19. exf5 gxf5 20. f4 Ne5 21.
Bxf5 Nexc4 22. Nxc4 Qxc4 23. Re4 Qxd5 24. Rxa4 Nxa4 25. Be4 1-0

[Event "78th UKR-ch"]
[Site "Alushta UKR"]
[Date "2009.05.19"]
[Round "9"]
[White "Chos, Alexei"]
[WhiteElo "2324"]
[Black "Mukhtarov, Leonid"]
[BlackElo "2115"]
[Result "1-0"]
[EventDate "2009.05.10"]
[PlyCount "75"]

1. e4 c5 2. Nf3 Nc6 3. d4 cxd4 4. Nxd4 Nf6 5. Nc3 d6 6. Be2 g6 7. O-O Bg7 8.
Be3 O-O 9. Nb3 Be6 10. Qd2 Na5 11. Nxa5 Qxa5 12. Bh6 Bxh6 13. Qxh6 Rac8 14. Bd3
Rc5 15. Qe3 Ng4 16. Qd4 Qc7 17. h3 Ne5 18. f4 Nxd3 19. cxd3 f5 20. Rae1 Bf7 21.
exf5 gxf5 22. Qe3 Re8 23. Kh1 Kh8 24. d4 Ra5 25. a4 Qb6 26. Qd2 Qb4 27. Rf2 Bc4
28. d5 Bb3 29. Rfe2 Rg8 30. Rxe7 Bxd5 31. R1e2 Bc6 32. Qe1 Qxf4 33. Nb5 Rxg2
34. Rxg2 Bxg2+ 35. Kxg2 Qg5+ 36. Kh1 Rxa4 37. Qc3+ Kg8 38. Qc8# 1-0

[Event "78th UKR-ch"]
[Site "Alushta UKR"]
[Date "2009.05.19"]
[Round "9"]
[White "Stets, Vasilij"]
[WhiteElo "2245"]
[Black "Rudak, Vladimir"]
[BlackElo "2327"]
[Result "1-0"]
[EventDate "2009.05.10"]
[PlyCount "45"]

1. e4 e5 2. f4 exf4 3. Nf3 d6 4. Bc4 h6 5. d4 g5 6. O-O Bg7 7. g3 Bh3 8. Rf2
Nc6 9. c3 Nf6 10. gxf4 gxf4 11. Bxf4 Qd7 12. Nbd2 O-O-O 13. Bg3 d5 14. Bd3 dxe4
15. Nxe4 Nxe4 16. Bxe4 f5 17. Bd3 Ne7 18. Qb3 Rdf8 19. Be5 Rhg8 20. Kh1 Qc6 21.
Bb5 Bg2+ 22. Kxg2 Bxe5+ 23. Kh1 1-0